000 00377nam a22001457a 4500
005 20170824160229.0
008 170824b xxu||||| |||| 00| 0 eng d
041 _aeng
100 _aBansal,DR R K
_93897
245 _aStrength Of Materials
_h[electronic resource]
250 _a5th
260 _bLaxhmi Publisher
300 _a1 CD-ROM
_eReceived along with book.
942 _cCD
999 _c5542
_d5540